000 00763cam a22002534a 4500
001 12362678
005 20180226045900.0
008 010328s2001 dcu b 001 0 eng
010 _a 2001001900
020 _a0877667039 (pbk. : alk. paper)
040 _aDLC
_cDLC
_dDLC
041 _aeng
042 _apcc
043 _an-us---
080 _a336.201373 BRU
082 0 0 _a336.201373 BRU
_221
100 1 _a20
101 _aPOL
245 1 0 _aState tax policy :
_cDavid Brunori.
504 _aIncludes bibliographical references and index.
906 _a7
_bcbc
_corignew
_d1
_eecip
_f20
_gy-gencatlg
942 _2ddc
_cBK
999 _c43438
_d43438